Tottenham Club Quiz - Statistics

General Stats
  • This quiz has been taken 29 times
  • The average score is 11 of 15
Answer Stats
Hint Answer % Correct
Nickname Spurs
100%
All time top scorer Harry Kane
96%
Year Tottenham moved in to theirnew Stadium 2019
89%
Premier League Titles 0
86%
Against which club do Tottenham contest the North London Derby? Arsenal
86%
Who replaced Mauricio Pochettino as Spurs manager in 2019? Jose Mourinho
82%
Team Tottenham played againstin 2019 Champions League final. Liverpool
82%
Which season did Harry Kane first win the Premier League Golden Boot? 2015-16 season
75%
What European Trophy did Tottenham win in 2025 Europa League
71%
Gareth Bale joined Spurs from which club in 2007? Southampton
71%
Who captained Tottenham in the 2019 UEFA Champions League Final? Hugo Lloris
68%
Who scored the hat-trick in Spurs’ comeback win over Ajax in the 2019 Champions League semifinal? Lucas Moura
68%
Year Founded 1882
54%
Which European trophy did Tottenham win in 1972? UEFA Cup
50%
Most expensive signing Xavi Simons
50%
No matching quizzes found
Score Distribution
Percent of People with Each Score
Percentile by Number Answered
Your Score History
You have not taken this quiz